Statistiques concernant les 20 préfectures les plus proches de Troyes à vol d'oiseau

Cliquez ici pour prendre le quiz!

Statistiques générales

  • Ce quiz a été pris 122 fois
    (118 depuis la dernière actualisation)
  • Le résultat moyen est 14 sur 20

Statistiques - réponses

distance (en km)ville préfecture% Correct
144Paris
96%
130Dijon
93%
67Auxerre
90%
162Nancy
83%
179Metz
82%
76chalons en Champagne
79%
82Chaumont
79%
96Bar le Duc
76%
171Charleville-Mezieres
71%
108Melun
69%
161Nevers
67%
131Creteil
66%
126Evry-Courcouronnes
65%
167Orleans
64%
154Versailles
63%
145Laon
62%
138Bobigny
58%
171.6Cergy Pontoise
56%
153Nanterre
55%
172Vesoul
47%

Distribution des résultats

Percentile par nombre de réponses

% des personnes avec chaque résultat

Votre développement - résultats

Vous n’avez pas pris ce quiz depuis la dernière actualisation